1589 1174 1158 1077 1465 1701 1364 1365 1292 1780 1049 1516 1847 1203 1285 1537 1380 1592 1120 1396 1914 1664 1077 1535 1442 1523 1433 1769 1924 1141 1986 1082 1389 1905 1344 1095 1398 1537 1788 1845 1387 1722 1407 1100 1462 1539 1919 1814 1297 1818 1019 1900 1672 1894 1508 1689 1106 1714 1902 1844 1055 1812 1004 1282 1343 1943 1012 1781 1277 1142 1412 1680 1242 1030 1207 1507 1256 1238 1944 1563 1620 1650 1347 1316 1104 1410 1290 1034 1483 1677 1940 1955 1502 1457 1713 1733 1525 1966 1813 BCNSPRNW ULIB Ver.6.0+V

เปลี่ยนเป็นภาษาไทย

Change to English
 แสดงรายละเอียดบรรณานุกรม
  กลับหน้าหลัก

Brief Record : Get Marc (ISO 2709) : E-mail record : QR code < ปิดหน้าต่าง
LEADER : 00000nam 2200000uu 4500
001    13399110436
003     ULIB
008    110530s2010||||th 000 0 eng d
020    9781416062493
060 04 QV4^bL523p 2010
100 1  Lehne, Richard A.
245 10 Pharmacology for nursing care /^cRichard A. Lehne ; inconsultation with Linda A. Moore, Leanna J. Crosby and Diane B. Hamilton
250    7th ed.
260    St. Louis :^bSaunders Elsevier,^c2010
300    xiv, 1362 p. :^bill. ;^c28 cm. +^e1 computer optical disc
650 2  Drug Therapy^xnurses instruction
650 2  Pharmaceutical Preparation^xnurses instruction
650 2  Pharmacology^xnurses instruction
700 1  Moore, Linda A.
700 1  Crosby, Leanna J.
700 1  Hamilton, Diane B.
945    ^p2668^l0^i030093
995    Kesorn
999 ^a ใช้งานได้ทุกระบบ
รายการนี้ยังไม่มีแท็ก
คุณยังไม่ได้ล็อกอิน คุณสามารถมีกิจกรรมร่วมกับเว็บไซต์ได้ แต่ต้องล็อกอินก่อน ::
  ล็อกอิน

รายการสื่อสารสนเทศ

ลำดับที่ ประเภท เลขเรียก/บาร์โค้ด สถานที่ สถานะ
- ไม่พบข้อมูล -

BibComment


ยังไม่เคยถูกคอมเมนท์

คอมเมนท์ทรัพยากรรายการนี้
  คอมเมนท์: Pharmacology for ..


 Copyright 2026. Bcnsprnw @Library